Normal view MARC view

Entry Personal Name

Number of records used in: 2

001 - CONTROL NUMBER

  • control field: 28060

003 - CONTROL NUMBER IDENTIFIER

  • control field: dpl

005 - DATE AND TIME OF LATEST TRANSACTION

  • control field: 20110512113901.0

008 - FIXED-LENGTH DATA ELEMENTS

  • fixed length control field: 110512|||a|||||| | ||| d

040 ## - CATALOGING SOURCE

  • Original cataloging agency: dpl
  • Transcribing agency: dpl

100 ## - HEADING--PERSONAL NAME

  • Personal name: दूधनाथ सिंह

670 ## - SOURCE DATA FOUND

  • Source citation: Work cat.: (dpl)52131: दूधनाथ सिंह, लौट आ, ओ धार /, 1997

670 ## - SOURCE DATA FOUND

  • Source citation: Work cat.: (dpl)52131: दूधनाथ सिंह, लौट आ, ओ धार /, 1997

© Delhi Public Library
Hit Counter
free hit counter